Joueurs passés par le Bayer Leverkusen - Mort subite - Statistiques

Statistiques générales
  • Ce quiz a été pris 203 fois
  • Le résultat moyen est 11 sur 20
Answers on the Grid
Answers color-coded by a green-red scale on the quiz's grid according to % correct below.
Granit Xhaka
Florian Wirtz
Jeremie Frimpong
Patrik Schick
Victor Boniface
Jonathan Tah
Kai Havertz
Julian Brandt
Michael Ballack
Ulf Kirsten
Moussa Diaby
Toni Kroos
Son Heung-min
Dani Carvajal
Hakan Çalhanoğlu
Leon Bailey
Arturo Vidal
Martin Terrier
André Schürrle
Piero Hincapié
Xabi Alonso
Thomas Müller
Marcel Sabitzer
Marko Arnautović
Fabio Quagliarella
Kobbie Mainoo
Alex Iwobi
Lucas Tousart
Christophe Kerbrat
Miroslav Klose
Raphaël Guerreiro
Xherdan Shaqiri
Mats Hummels
Jack Grealish
Marc Andre Ter Stegen
Mohamed Salah
 
Statistiques - réponses
Réponse % Correct
Florian Wirtz
79%
Granit Xhaka
73%
Jonathan Tah
72%
Patrik Schick
71%
Victor Boniface
71%
Jeremie Frimpong
67%
Martin Terrier
65%
Piero Hincapié
65%
Kai Havertz
63%
Michael Ballack
61%
Moussa Diaby
61%
Son Heung-min
57%
Leon Bailey
55%
Dani Carvajal
52%
Hakan Çalhanoğlu
48%
Arturo Vidal
43%
Toni Kroos
43%
Julian Brandt
40%
André Schürrle
36%
Ulf Kirsten
21%
Aucun quiz correspondant
Distribution des résultats
% des personnes avec chaque résultat
Percentile par nombre de réponses
Votre historique - résultats
Vous n’avez pas pris ce quiz